|
|
|
|
| LEADER |
01166nam a2200289 a 4500 |
| 001 |
14034771 |
| 008 |
090810s1997 enka 000 0 eng d |
| 010 |
|
|
|a 2005298795
|
| 020 |
|
|
|a 0521469856 (pbk.)
|
| 020 |
|
|
|a 0521469864 (cassette set)
|
| 020 |
|
|
|a 0521585694 (audio cd set)
|
| 040 |
|
|
|a UKM
|c UKM
|d OCLCQ
|d C#P
|d OCL
|d DLC
|
| 082 |
0 |
4 |
|a 428.34
|2 21
|
| 100 |
1 |
|
|a Naterop, B. Jean
|q (Bertha Jean)
|
| 245 |
1 |
0 |
|a Telephoning in English /
|c B. Jean Naterop, Rod Revell.
|
| 250 |
|
|
|a 2nd ed.
|
| 260 |
|
|
|a Cambridge, UK ;
|a New York :
|b Cambridge University Press,
|c 1997.
|
| 300 |
|
|
|a viii, 120 p. :
|b ill. (some col.) ;
|c 25 cm.
|
| 490 |
0 |
|
|a Cambridge professional English
|
| 541 |
1 |
|
|e 00008609
|
| 650 |
|
0 |
|a English language
|x Conversation and phrase books.
|
| 650 |
|
0 |
|a Telephone etiquette.
|
| 650 |
|
0 |
|a English language
|v Textbooks for foreign speakers.
|
| 700 |
1 |
|
|a Revell, Rod.
|
| 852 |
4 |
|
|a Ayesha Abed Library
|j General shelf
|
| 999 |
|
|
|c 3133
|d 3133
|
| 952 |
|
|
|0 0
|1 0
|2 ddc
|4 0
|6 428_340000000000000_NAT
|7 0
|9 2838
|a BRACUL
|b BRACUL
|c GEN
|d 2009-08-30
|g 0.00
|l 2
|o 428.34 NAT
|p 3010008609
|r 2014-12-21
|s 2014-12-18
|t 1
|w 2009-08-30
|y BK
|x No price found in the accession register.
|